Włoskie miasta z Google Earth - Statystyki

Ogólne statystyki
  • Ten quiz został rozwiązany 15 razy
  • Średni wynik to 6 z 20
Statystyki odpowiedzi
Obrazkowy Odpowiedź % Poprawnych
Wenecja
100%
Mediolan
93%
Rzym
79%
Florencja
50%
Neapol
43%
Piza
43%
Bari
36%
Katania
29%
Turyn
29%
Matera
21%
Palermo
21%
Siena
21%
Genua
14%
Bergamo
7%
Positano
7%
Syrakuzy
7%
Ankona
0%
Cagliari
0%
Mesyna
0%
Tarent
0%
Nie znaleziono quizów pasujących do podanych kryteriów
Rozkład punktacji
Procent ludzi z każdym wynikiem
Percentyl według liczby udzielonych odpowiedzi
Twoja historia wyników
Nie rozwiązałeś tego quizu